[Event "Rated Blitz tournament PZTAjgq4"]
[Site "?"]
[Date "2021.06.05"]
[Round "?"]
[White "PrimumSemper"]
[Black "batasjon"]
[Result "1/2-1/2"]
[WhiteElo "2483"]
[BlackElo "2394"]
[PlyCount "149"]
[EventDate "2021.??.??"]
[EventType "blitz"]

1. e4 e5 2. Nf3 d5 3. Nxe5 Bd6 4. d4 dxe4 5. Nc3 Nf6 6. Bc4 O-O 7. O-O Nbd7 8.
Nxd7 Bxd7 9. Bg5 h6 10. Bxf6 Qxf6 11. Nxe4 Bxh2+ 12. Kxh2 Qh4+ 13. Kg1 Qxe4 14.
Qd3 Qf4 15. c3 Rae8 16. Rae1 Qd6 17. Qf3 Bc6 18. Qg4 Bd7 19. Qh4 c5 20. Rd1 Bc6
21. d5 Bd7 22. Bd3 Re5 23. c4 Rfe8 24. f3 g5 25. Qg3 Qf6 26. Rfe1 Rxe1+ 27.
Rxe1 Qd4+ 28. Kh1 Qxd3 29. Rxe8+ Bxe8 30. Qb8 Qe3 31. Qd6 Kg7 32. b4 b6 33.
bxc5 Qxc5 34. Qe5+ Kf8 35. Qh8+ Ke7 36. Qxh6 Qe3 37. Qg7 Bd7 38. d6+ Ke6 39.
Qf8 Qc1+ 40. Kh2 Qf4+ 41. g3 Qxd6 42. Qh6+ Ke7 43. Qxg5+ Qf6 44. Qe3+ Be6 45.
c5 Qb2+ 46. Kh1 Qb1+ 47. Kh2 Qc2+ 48. Kh1 Qxc5 49. Qe4 Qd5 50. Qh4+ Kd7 51.
Qa4+ Kd6 52. Qa3+ Kc6 53. Qc3+ Kb7 54. Qe3 Bg4 55. Qe7+ Ka6 56. Qe2+ b5 57. Kg2
Qxf3+ 58. Qxf3 Bxf3+ 59. Kxf3 Ka5 60. Kf4 Ka4 61. Kf5 Ka3 62. Kf6 Kxa2 63. Kxf7
b4 64. g4 b3 65. g5 b2 66. g6 b1=Q 67. g7 Qg1 68. g8=Q Qxg8+ 69. Kxg8 a5 70.
Kf7 a4 71. Kf8 a3 72. Kf7 Kb2 73. Kf8 a2 74. Ke7 a1=Q 75. Ke8 {Time forfeit}
1/2-1/2

[Event "Rated Blitz tournament eoDVEjRm"]
[Site "?"]
[Date "2021.06.05"]
[Round "?"]
[White "Brave_spirit12"]
[Black "dr_xStranger"]
[Result "1-0"]
[WhiteElo "2562"]
[BlackElo "2529"]
[PlyCount "131"]
[EventDate "2021.??.??"]
[EventType "blitz"]

1. e4 e5 2. Nf3 d5 3. Nxe5 Bd6 4. d4 dxe4 5. Nc3 Bxe5 6. dxe5 Qxd1+ 7. Nxd1 Nc6
8. Bf4 Nge7 9. Nc3 Bf5 10. Bb5 O-O-O 11. O-O Nd4 12. Ba4 Nd5 13. Nxd5 Rxd5 14.
Be3 Ne6 15. Rad1 Rxe5 16. Bd7+ Kb8 17. h3 Bg6 18. Rd2 Rd8 19. Rfd1 b6 20. Bc6
Rxd2 21. Rxd2 f5 22. g3 Bf7 23. b4 a5 24. Bf4 Be8 25. Bxe8 Nxf4 26. Rd8+ Kb7
27. b5 Rxe8 28. Rxe8 Nxh3+ 29. Kg2 Ng5 30. Re7 h6 31. Rxg7 Ne6 32. Rg6 Nd4 33.
c4 Ne2 34. Rxh6 Nc3 35. Rf6 Nxa2 36. Rxf5 Nc3 37. Rh5 a4 38. Rh1 a3 39. g4 a2
40. Ra1 c6 41. g5 e3 42. fxe3 cxb5 43. g6 Ne4 44. g7 Nf6 45. cxb5 Kc7 46. Rxa2
Kd6 47. Ra8 Kc5 48. g8=Q Nxg8 49. Rxg8 Kxb5 50. Rb8 Kc5 51. Kf3 b5 52. Kf4 Kc4
53. e4 b4 54. e5 Kc5 55. Kf5 Kc6 56. e6 Kc7 57. Rxb4 Kc6 58. Re4 Kd6 59. e7 Kd7
60. e8=Q+ Kd6 61. Qe5+ Kc6 62. Rg4 Kd7 63. Rg6 Kd8 64. Qg7 Ke8 65. Rh6 Kd8 66.
Rh8# {Normal} 1-0

[Event "Rated Rapid game"]
[Site "?"]
[Date "2021.06.05"]
[Round "?"]
[White "TeamNuc"]
[Black "ABA-001"]
[Result "0-1"]
[WhiteElo "2413"]
[BlackElo "2432"]
[PlyCount "96"]
[EventDate "2021.??.??"]
[EventType "rapid"]

1. e4 e5 2. Nf3 d5 3. Nxe5 Bd6 4. d4 dxe4 5. Nc4 Be7 6. Be2 Nf6 7. O-O O-O 8.
Bg5 Nd5 9. Bd2 Nc6 10. c3 Bg5 11. Qc1 Bxd2 12. Qxd2 Re8 13. Nba3 a6 14. Nc2 Bf5
15. N2e3 Nxe3 16. fxe3 Bg6 17. Qe1 Qg5 18. Rf4 b5 19. Nd2 f5 20. Qf2 Ne7 21. h4
Qh6 22. c4 c6 23. Rf1 Bf7 24. Nxe4 Ng6 25. Rxf5 Rxe4 26. Rxf7 Rxh4 27. Qf3 Rh1+
28. Kf2 Re8 29. Rxh1 Qxh1 30. cxb5 axb5 31. Bf1 Ne7 32. a4 Nd5 33. Bxb5 Nxe3
34. Bxc6 Qh4+ 35. Ke2 Nf5+ 36. Bxe8 Nxd4+ 37. Kf1 Nxf3 38. Rxf3 Qc4+ 39. Kg1
Qc1+ 40. Kh2 Qxb2 41. Bb5 Qe5+ 42. Kg1 g5 43. Bf1 g4 44. Rd3 g3 45. Rd8+ Kg7
46. Rd7+ Kf6 47. Rxh7 Qe1 48. Rh6+ Kg5 {Time forfeit} 0-1

[Event "Rated Blitz game"]
[Site "?"]
[Date "2021.06.05"]
[Round "?"]
[White "Andep123"]
[Black "khalid_ontawar"]
[Result "1-0"]
[WhiteElo "2379"]
[BlackElo "2410"]
[PlyCount "63"]
[EventDate "2021.??.??"]
[EventType "blitz"]

1. e4 e5 2. Nf3 d5 3. exd5 e4 4. Ne5 Qxd5 5. d4 exd3 6. Nxd3 Qe6+ 7. Be2 Bd6 8.
O-O Ne7 9. Nc3 O-O 10. Re1 Nbc6 11. Bf3 Qf6 12. Ne4 Qg6 13. Nxd6 Qxd6 14. Bf4
Qd8 15. Ne5 Nxe5 16. Bxe5 Be6 17. Qxd8 Rfxd8 18. Bxc7 Rdc8 19. Bxb7 Rxc7 20.
Bxa8 Rxc2 21. b3 g5 22. Rec1 Rd2 23. Be4 h5 24. Rc2 Rd4 25. Bf3 g4 26. Be2 Nf5
27. Rd1 Re4 28. Bc4 Nd4 29. Rcd2 Bxc4 30. Rxd4 Rxd4 31. Rxd4 Be6 32. Ra4 {
Normal} 1-0

[Event "Rated Blitz tournament eoDVEjRm"]
[Site "?"]
[Date "2021.06.05"]
[Round "?"]
[White "Yakimkin_Igor"]
[Black "dr_xStranger"]
[Result "0-1"]
[WhiteElo "2582"]
[BlackElo "2526"]
[PlyCount "158"]
[EventDate "2021.??.??"]
[EventType "blitz"]

1. e4 e5 2. Nf3 d5 3. Nxe5 Bd6 4. d4 dxe4 5. Be2 Bxe5 6. dxe5 Qxd1+ 7. Bxd1 Nc6
8. Nc3 Bf5 9. Bf4 Nge7 10. g4 Bg6 11. h4 h6 12. h5 Bh7 13. Nb5 O-O-O 14. g5 Nd5
15. Bg3 hxg5 16. Bg4+ Kb8 17. O-O-O a6 18. Nd4 Nxd4 19. Rxd4 Nf4 20. Rhd1 Rxd4
21. Rxd4 Re8 22. Rd7 Bg8 23. Kd2 f5 24. Bxf5 Be6 25. Bxe6 Nxe6 26. Ke3 Kc8 27.
Rd1 Rh8 28. Rh1 Kd7 29. Kxe4 Ke7 30. Kf5 Rf8+ 31. Kg6 Rf7 32. h6 gxh6 33. Rxh6
Rg7+ 34. Kf5 Nd4+ 35. Ke4 Nxc2 36. e6 Nb4 37. Be5 Rg8 38. Kf5 Rf8+ 39. Bf6+ Kd6
40. Rh7 Nc6 41. Rd7+ Kc5 42. Rf7 Re8 43. e7 Kd6 44. Rf8 Kd7 45. Rxe8 Kxe8 46.
Ke6 g4 47. Bh4 Nb4 48. Bg3 c6 49. Kd6 Nd5 50. Bh4 Nb4 51. Kc7 b5 52. Kb6 Nxa2
53. Kxc6 Nb4+ 54. Kb6 Kd7 55. Ka5 Nd3 56. b3 Nc5 57. b4 Nd3 58. Kxa6 Nxb4+ 59.
Kxb5 Nd5 60. Kc5 Nxe7 61. Bxe7 Kxe7 62. Kd5 Kf6 63. Ke4 Kg5 64. Ke5 Kh4 65. Kf4
Kh3 66. Ke3 Kg2 67. Ke2 Kg1 68. Ke3 Kg2 69. Ke2 Kh3 70. Ke3 Kh4 71. Ke2 Kg5 72.
Kf1 Kf5 73. Kg2 Kf4 74. Kg1 Kf3 75. Kf1 Kf4 76. Kg1 Kf3 77. Kf1 g3 78. Kg1
gxf2+ 79. Kf1 Ke3 {Time forfeit} 0-1

[Event "Rated Blitz game"]
[Site "?"]
[Date "2021.06.05"]
[Round "?"]
[White "ALJHoNTANCo"]
[Black "elrond"]
[Result "0-1"]
[WhiteElo "2359"]
[BlackElo "2401"]
[PlyCount "50"]
[EventDate "2021.??.??"]
[EventType "blitz"]

1. e4 e5 2. Nf3 d5 3. exd5 e4 4. Qe2 Nf6 5. d3 Bb4+ 6. c3 O-O 7. dxe4 Bc5 8.
Bg5 Re8 9. e5 Qxd5 10. Nbd2 Bf5 11. Qc4 Rxe5+ 12. Nxe5 Qxe5+ 13. Qe2 Qd6 14.
Bxf6 gxf6 15. Qe8+ Kg7 16. Bc4 Nc6 17. Qxa8 Bxf2+ 18. Kxf2 Qxd2+ 19. Be2 Qf4+
20. Ke1 Qe3 21. Rd1 Bg4 22. Rd2 Ne5 23. Qd8 Bxe2 24. Rxe2 Nd3+ 25. Kd1 Qc1# {
Normal} 0-1

[Event "Rated Blitz game"]
[Site "?"]
[Date "2021.06.05"]
[Round "?"]
[White "Mohsenabutalebi"]
[Black "Schachelite"]
[Result "0-1"]
[WhiteElo "2327"]
[BlackElo "2454"]
[PlyCount "22"]
[EventDate "2021.??.??"]
[EventType "blitz"]

1. e4 e5 2. Nf3 d5 3. exd5 e4 4. Qe2 Nf6 5. Nc3 Be7 6. Nxe4 O-O 7. d3 Re8 8.
Be3 Nxd5 9. O-O-O f5 10. Nc3 Nxc3 11. bxc3 f4 {Normal} 0-1

[Event "Rated Blitz game"]
[Site "?"]
[Date "2021.06.05"]
[Round "?"]
[White "RangyAngularity"]
[Black "GoughPhar"]
[Result "1-0"]
[WhiteElo "2440"]
[BlackElo "2443"]
[PlyCount "117"]
[EventDate "2021.??.??"]
[EventType "blitz"]

1. e4 e5 2. Nf3 d5 3. Nxe5 Bd6 4. d4 dxe4 5. Nc4 Nf6 6. Nc3 O-O 7. Be2 Nc6 8.
O-O Bf5 9. Bg5 h6 10. Bh4 g5 11. Bg3 Bf4 12. d5 Ne7 13. d6 Ng6 14. dxc7 Qxc7
15. Qd4 Kg7 16. Qxf6+ Kxf6 17. Nd5+ Kg7 18. Nxc7 Bxc7 19. Bxc7 Rac8 20. Nd6
Rxc7 21. Nxf5+ Kf6 22. Ne3 Nf4 23. Bd1 Kg6 24. g3 Ne6 25. f3 f5 26. fxe4 f4 27.
Nd5 Rc4 28. Nc3 b5 29. Be2 Rd4 30. Bxb5 Nc5 31. Rad1 Rfd8 32. Rxd4 Rxd4 33.
gxf4 Nxe4 34. Nxe4 Rxe4 35. Bd3 Kf5 36. Bxe4+ Kxe4 37. fxg5 hxg5 38. c4 Kd4 39.
b3 a5 40. Rd1+ Kc5 41. Kg2 Kb4 42. Rd5 g4 43. Rg5 g3 44. Rxg3 a4 45. h4 Kc5 46.
b4+ Kxb4 47. h5 Kxc4 48. h6 a3 49. h7 Kb4 50. h8=Q Kc5 51. Qc3+ Kd5 52. Qxa3
Ke4 53. Qb3 Kf5 54. Rc3 Ke4 55. Rc4+ Kd5 56. Qb5+ Kd6 57. Rc6+ Kd7 58. Qb7+ Kd8
59. Rc8# {Normal} 1-0

[Event "Rated Blitz game"]
[Site "?"]
[Date "2021.06.05"]
[Round "?"]
[White "juancruzariasTDF"]
[Black "vovaches"]
[Result "1-0"]
[WhiteElo "2437"]
[BlackElo "2531"]
[PlyCount "85"]
[EventDate "2021.??.??"]
[EventType "blitz"]

1. e4 e5 2. Nf3 d5 3. d3 Nc6 4. Nbd2 Nf6 5. Be2 g6 6. O-O Bg7 7. c3 O-O 8. b4
a6 9. Bb2 b6 10. Re1 Bb7 11. a3 Re8 12. Bf1 Qd7 13. Qb3 Rad8 14. Rad1 h6 15. a4
Kh7 16. b5 axb5 17. axb5 Na5 18. Qc2 dxe4 19. dxe4 Qe6 20. c4 Nd7 21. Bc3 Nc5
22. Ra1 Ra8 23. h4 Red8 24. h5 Rd7 25. Be2 c6 26. Nh2 Rdd8 27. Nhf1 cxb5 28.
cxb5 Nab3 29. Rxa8 Rxa8 30. Ne3 Nxd2 31. Bxd2 Bxe4 32. Qd1 Rd8 33. Bc4 Qd7 34.
Bb4 Qxd1 35. Nxd1 Bd3 36. Bxc5 bxc5 37. Ne3 e4 38. Bxf7 gxh5 39. b6 Rb8 40. Nd5
Bd4 41. Be6 c4 42. Bf5+ Kg7 43. Bxe4 {Time forfeit} 1-0

[Event "Rated Blitz game"]
[Site "?"]
[Date "2021.06.05"]
[Round "?"]
[White "Beletko"]
[Black "Gifroy"]
[Result "0-1"]
[WhiteElo "2452"]
[BlackElo "2436"]
[PlyCount "80"]
[EventDate "2021.??.??"]
[EventType "blitz"]

1. e4 e5 2. Nf3 d5 3. Nxe5 Bd6 4. d4 dxe4 5. Nc4 Be7 6. Nc3 Bf5 7. Bf4 Nf6 8.
Be2 c6 9. Qd2 h6 10. O-O-O Nd5 11. Nxd5 cxd5 12. Ne3 Be6 13. c4 O-O 14. Kb1 Nc6
15. h4 Rc8 16. g4 Nb4 17. g5 h5 18. c5 Nd3 19. Bxd3 exd3 20. Qxd3 g6 21. Be5 b6
22. Rc1 bxc5 23. dxc5 Bxc5 24. Bd4 Qb6 25. Rxc5 Rxc5 26. Bxc5 Qxc5 27. Rd1 Rc8
28. a3 a5 29. Qd4 Qb5 30. Rd2 Rd8 31. Rc2 Qd7 32. Qf6 d4 33. Nc4 Bf5 34. Ne5
Qc7 35. Ka1 Bxc2 36. Nc6 Rf8 37. Ne7+ Kh7 38. Nd5 Qc4 39. Qe5 Qf1+ 40. Ka2 Qb1#
{Normal} 0-1

[Event "Rated Blitz tournament eoDVEjRm"]
[Site "?"]
[Date "2021.06.05"]
[Round "?"]
[White "grandmaster0717"]
[Black "dr_xStranger"]
[Result "1/2-1/2"]
[WhiteElo "2453"]
[BlackElo "2535"]
[PlyCount "103"]
[EventDate "2021.??.??"]
[EventType "blitz"]

1. e4 e5 2. Nf3 d5 3. Nxe5 Bd6 4. d4 dxe4 5. Bc4 Bxe5 6. dxe5 Qxd1+ 7. Kxd1 Nc6
8. Bf4 Nge7 9. Nc3 Ng6 10. Bg3 Bf5 11. Bb5 O-O-O+ 12. Kc1 Ncxe5 13. b3 a6 14.
Be2 Nc6 15. Kb2 Nd4 16. Rad1 Nxe2 17. Nxe2 Rxd1 18. Rxd1 Bg4 19. Re1 Rd8 20.
Nc3 f5 21. h3 Bh5 22. Bh2 Rd2 23. g4 fxg4 24. Nxe4 Rd8 25. Ng3 Nf4 26. Nxh5
Nxh5 27. hxg4 Nf6 28. f3 Re8 29. Rxe8+ Nxe8 30. Be5 Kd7 31. Kc3 Ke6 32. Kd4 c5+
33. Ke4 Nd6+ 34. Kf4 g5+ 35. Kxg5 Kxe5 36. f4+ Ke6 37. Kh6 Ne8 38. g5 Kf5 39.
Kxh7 Kxf4 40. g6 Kf5 41. g7 Nf6+ 42. Kh8 Ke4 43. g8=Q Nxg8 44. Kxg8 Kd4 45. Kf7
Kc3 46. Ke6 Kxc2 47. Kd5 b6 48. Kc6 Kb2 49. Kxb6 Kxa2 50. Kxc5 Kxb3 51. Kb6 a5
52. Kxa5 {Normal} 1/2-1/2

[Event "Rated Blitz tournament J0EmXKjM"]
[Site "?"]
[Date "2021.06.05"]
[Round "?"]
[White "lastkura"]
[Black "Amurskayakula11"]
[Result "0-1"]
[WhiteElo "2219"]
[BlackElo "2407"]
[PlyCount "50"]
[EventDate "2021.??.??"]
[EventType "blitz"]

1. e4 e5 2. Nf3 d5 3. Nxe5 Bd6 4. d4 dxe4 5. Nc4 Nf6 6. Nc3 O-O 7. Be2 Nc6 8.
Be3 Bf5 9. O-O Bg6 10. Nxd6 Qxd6 11. d5 Ne5 12. Qd4 Rad8 13. Qxa7 Neg4 14. g3
Qe5 15. h3 Nxe3 16. Qxe3 Nxd5 17. Nxd5 Rxd5 18. c3 Rfd8 19. Rfd1 Rxd1+ 20. Rxd1
Rxd1+ 21. Bxd1 h6 22. Bb3 Qf5 23. Kh2 Qf6 24. Qd4 Qf3 25. Qd3 exd3 {Normal} 0-1

[Event "Rated Blitz tournament noUu8AKw"]
[Site "?"]
[Date "2021.06.05"]
[Round "?"]
[White "juniorwestprog"]
[Black "om_gendut"]
[Result "1/2-1/2"]
[WhiteElo "2241"]
[BlackElo "2407"]
[PlyCount "105"]
[EventDate "2021.??.??"]
[EventType "blitz"]

1. e4 e5 2. Nf3 d5 3. exd5 e4 4. Nd4 Qxd5 5. Nb3 Nf6 6. Nc3 Qe5 7. Qe2 Bd6 8.
d3 exd3 9. Qxe5+ Bxe5 10. Bxd3 Nc6 11. Bd2 Nb4 12. O-O-O Nxd3+ 13. cxd3 Be6 14.
Nc5 O-O-O 15. Nxe6 fxe6 16. Rhe1 Bd4 17. Be3 Bxc3 18. bxc3 e5 19. Kc2 Rhe8 20.
Bg5 Rd6 21. Bxf6 gxf6 22. Re3 Rg8 23. g3 Rg4 24. Rb1 Ra4 25. Rb2 Ra3 26. Re4
Rda6 27. Rh4 Rxa2 28. Rxh7 Rxb2+ 29. Kxb2 Rb6+ 30. Kc2 a5 31. Rh8+ Kd7 32. Ra8
Rb5 33. h4 Ke7 34. h5 Kf7 35. g4 Kg7 36. Rc8 Rc5 37. Kb3 b5 38. Ra8 a4+ 39. Kb4
Rd5 40. Rc8 Rxd3 41. Rxc7+ Kh6 42. Rc6 Rf3 43. Kxb5 a3 44. Ra6 Rxc3 45. Rxf6+
Kg7 46. Ra6 Rf3 47. g5 Rxf2 48. Rxa3 Rg2 49. Ra6 Rxg5 50. h6+ Kh7 51. Kc4 Rg6
52. Ra7+ Kxh6 53. Re7 {Normal} 1/2-1/2

[Event "Rated Blitz game"]
[Site "?"]
[Date "2021.06.05"]
[Round "?"]
[White "Champion_best"]
[Black "KamranShirazi"]
[Result "1/2-1/2"]
[WhiteElo "2454"]
[BlackElo "2483"]
[PlyCount "108"]
[EventDate "2021.??.??"]
[EventType "blitz"]

1. e4 e5 2. Nf3 d5 3. Nxe5 Bd6 4. d4 dxe4 5. Bc4 Bxe5 6. Qh5 Qe7 7. dxe5 Be6 8.
Bxe6 Qxe6 9. Nc3 Nc6 10. Bf4 O-O-O 11. O-O f5 12. exf6 Nxf6 13. Qc5 b6 14. Qa3
Kb7 15. h3 Nd4 16. Rac1 Nd5 17. Be3 Nxc3 18. bxc3 Ne2+ 19. Kh1 Nxc1 20. Rxc1
Rd5 21. c4 Ra5 22. Qc3 Rd8 23. c5 Rd7 24. a3 Qc6 25. Rb1 Rb5 26. Re1 bxc5 27.
a4 Rb4 28. Bxc5 Rxa4 29. Qb3+ Kc8 30. Bf8 g6 31. Rb1 Rd2 32. Qg8 Qd5 33. Qh8
Rd1+ 34. Rxd1 Qxd1+ 35. Kh2 Kb7 36. Qb2+ Kc6 37. Qc3+ Kd7 38. Bh6 Qd6+ 39. g3
Ra3 40. Qg7+ Kc6 41. Bf4 Qd7 42. Qf6+ Kb7 43. Qb2+ Kc8 44. Qxa3 Qc6 45. Qb3 a5
46. h4 a4 47. Qg8+ Kb7 48. Qa2 Qc5 49. c4 a3 50. Bd2 Qxf2+ 51. Kh3 Qf1+ 52. Kh2
Qf2+ 53. Kh3 Qf5+ 54. Kh2 Qf2+ {Normal} 1/2-1/2

[Event "Rated Blitz tournament EvHKW7wI"]
[Site "?"]
[Date "2021.06.04"]
[Round "?"]
[White "taoneto"]
[Black "CarlitosCL"]
[Result "1-0"]
[WhiteElo "2473"]
[BlackElo "2205"]
[PlyCount "109"]
[EventDate "2021.??.??"]
[EventType "blitz"]

1. e4 e5 2. Nf3 d5 3. exd5 Qxd5 4. Nc3 Qe6 5. b3 Bd6 6. Bc4 Qg4 7. Kf1 Ne7 8.
d3 O-O 9. h3 Qh5 10. a4 Nbc6 11. Ba3 Bg4 12. Bxd6 cxd6 13. Nd5 Rae8 14. c3 Na5
15. Nxe7+ Rxe7 16. Bd5 Nc6 17. Rh2 Be6 18. Bxc6 bxc6 19. Nd2 Qg6 20. Qe2 Bf5
21. Ne4 d5 22. Nc5 e4 23. d4 e3 24. fxe3 Qd6 25. Kg1 Qg3 26. Re1 Rfe8 27. Qf2
Qg5 28. h4 Qh5 29. Qg3 Qh6 30. Kf2 Qf6 31. Qf4 h5 32. Rhh1 Qg6 33. Rhf1 Be4 34.
g3 Bc2 35. Kg1 Be4 36. Kh2 f6 37. Rf2 a5 38. b4 axb4 39. cxb4 Rb8 40. Rb2 Rbe8
41. b5 cxb5 42. axb5 Qg4 43. Qxg4 hxg4 44. b6 Bf3 45. b7 Rxe3 46. Rxe3 Rxe3 47.
b8=Q+ Kh7 48. Qf4 Re1 49. Qf5+ Kh6 50. Qf4+ Kh7 51. Rg2 Bxg2 52. Kxg2 Re2+ 53.
Kf1 Rc2 54. Qf5+ Kh8 55. Qxc2 {Normal} 1-0

[Event "Rated Blitz tournament v0ns4vBg"]
[Site "?"]
[Date "2021.06.04"]
[Round "?"]
[White "laci2765"]
[Black "INISAYA"]
[Result "0-1"]
[WhiteElo "2262"]
[BlackElo "2423"]
[PlyCount "140"]
[EventDate "2021.??.??"]
[EventType "blitz"]

1. e4 e5 2. Nf3 d5 3. Nxe5 dxe4 4. Nc3 Nd7 5. Nc4 Ngf6 6. Ne3 Nb6 7. Bc4 Bc5 8.
Bb3 a5 9. a4 h5 10. O-O Ng4 11. Nxe4 Bd6 12. Nxd6+ Qxd6 13. Nxg4 hxg4 14. Re1+
Kf8 15. g3 Qh6 16. d4 Qxh2+ 17. Kf1 Qh1+ 18. Ke2 Qf3+ 19. Kd2 Qxf2+ 20. Qe2
Qxd4+ 21. Qd3 Rh2+ 22. Kd1 Qxd3+ 23. cxd3 Be6 24. Bxe6 fxe6 25. Bf4 Rd8 26.
Bxc7 Rxd3+ 27. Kc1 Rdd2 28. Bxb6 Rc2+ 29. Kb1 Rxb2+ 30. Kc1 Rxb6 31. Rb1 Rxb1+
32. Kxb1 Rg2 33. Rxe6 Rxg3 34. Rb6 Rf3 35. Rg6 g3 36. Kc2 Kf7 37. Rg4 Kf6 38.
Kd2 g5 39. Ke2 Ra3 40. Rc4 Ra2+ 41. Kf3 g2 42. Rc1 Ke5 43. Re1+ Kd4 44. Kg3 Kc4
45. Kh2 Kb4 46. Re4+ Kb3 47. Re5 Rxa4 48. Rxg5 Rb4 49. Rxa5 Rg4 50. Kg1 Kc4 51.
Ra7 b5 52. Rc7+ Kb3 53. Rc1 b4 54. Rc7 Kb2 55. Rb7 b3 56. Rc7 Kb1 57. Rb7 b2
58. Rb6 Ra4 59. Kxg2 Ka2 60. Rf6 b1=Q 61. Rf2+ Qb2 62. Rxb2+ Kxb2 63. Kf3 Kc3
64. Ke3 Rd4 65. Kf3 Kd3 66. Kg3 Ke3 67. Kg2 Rg4+ 68. Kf1 Kf3 69. Ke1 Rd4 70.
Kf1 Rd1# {Normal} 0-1

[Event "Rated Blitz game"]
[Site "?"]
[Date "2021.06.04"]
[Round "?"]
[White "sheldem"]
[Black "CristianS27"]
[Result "0-1"]
[WhiteElo "2449"]
[BlackElo "2468"]
[PlyCount "118"]
[EventDate "2021.??.??"]
[EventType "blitz"]

1. e4 e5 2. Nf3 d5 3. Nc3 dxe4 4. Nxe5 Bd6 5. Nc4 Nf6 6. Be2 h5 7. d3 exd3 8.
Qxd3 Be7 9. Qxd8+ Bxd8 10. Bg5 Nc6 11. O-O-O Be6 12. Rhe1 O-O 13. Ne3 Ng4 14.
Bxd8 Raxd8 15. Nxg4 hxg4 16. Bb5 Nd4 17. Bd3 g6 18. b3 Kg7 19. Ne4 Rh8 20. Ng5
Rxh2 21. c3 Rh5 22. Nxe6+ Nxe6 23. Be2 Rxd1+ 24. Kxd1 Nf4 25. Bxg4 Rd5+ 26. Kc2
Nxg2 27. Re7 b5 28. Bf3 Rg5 29. Rxc7 Ne1+ 30. Kd2 Nxf3+ 31. Ke3 Ne5 32. Rxa7
Rf5 33. f4 Ng4+ 34. Ke4 Nf6+ 35. Ke3 Nh5 36. a4 bxa4 37. Rxa4 Nxf4 38. Rxf4 Rb5
39. b4 Rh5 40. Kd3 g5 41. Rf5 Kg6 42. Rc5 Rh3+ 43. Kc4 f5 44. b5 Rh4+ 45. Kd5
Rh1 46. Rc6+ Kh5 47. Kc5 Rc1 48. c4 f4 49. Rc8 f3 50. Rf8 Kg4 51. Rf7 Kg3 52.
Rf5 g4 53. Rf7 f2 54. Rf6 f1=Q 55. Rxf1 Rxf1 56. b6 Rb1 57. Kc6 Kf2 58. b7 g3
59. Kc7 Rxb7+ {Time forfeit} 0-1

[Event "Rated Blitz game"]
[Site "?"]
[Date "2021.06.04"]
[Round "?"]
[White "hernan49"]
[Black "magos33"]
[Result "1-0"]
[WhiteElo "2548"]
[BlackElo "2419"]
[PlyCount "95"]
[EventDate "2021.??.??"]
[EventType "blitz"]

1. e4 e5 2. Nf3 d5 3. d4 dxe4 4. Nxe5 Bd6 5. Nc4 Nf6 6. Bg5 Be7 7. Ne3 h6 8.
Bh4 c5 9. d5 Nxd5 10. Qxd5 Bxh4 11. Qxe4+ Be7 12. Nd5 Nc6 13. Nbc3 Be6 14. Nxe7
Qxe7 15. Bb5 O-O 16. Bxc6 bxc6 17. O-O Rab8 18. b3 Qf6 19. Qe3 Bd5 20. Rad1 c4
21. Nxd5 cxd5 22. Rxd5 cxb3 23. axb3 Rb7 24. Rfd1 Rc8 25. Qd3 Rbc7 26. c4 g6
27. h3 Kg7 28. Rd6 Qe5 29. Rd4 Rc5 30. Rd7 R8c7 31. Qf3 Qf6 32. Qxf6+ Kxf6 33.
R1d6+ Kg7 34. Rxc7 Rxc7 35. Ra6 Rb7 36. Ra3 Kf6 37. Kf1 Ke5 38. Ke2 Kd4 39. Kd2
a5 40. Kc2 f5 41. Rxa5 g5 42. Rd5+ Ke4 43. Rd3 g4 44. Re3+ Kf4 45. g3+ Kg5 46.
h4+ Kg6 47. Re6+ Kh5 48. Rf6 {Normal} 1-0

[Event "Rated Blitz game"]
[Site "?"]
[Date "2021.06.04"]
[Round "?"]
[White "Sasap64"]
[Black "liaqat321"]
[Result "0-1"]
[WhiteElo "2419"]
[BlackElo "2368"]
[PlyCount "54"]
[EventDate "2021.??.??"]
[EventType "blitz"]

1. e4 e5 2. Nf3 d5 3. exd5 e4 4. Qe2 Nf6 5. Nc3 Be7 6. Qb5+ c6 7. dxc6 bxc6 8.
Qa4 exf3 9. gxf3 O-O 10. d3 Nd5 11. Ne4 Bf5 12. Be2 Qc7 13. Bd2 Nd7 14. O-O-O
Nc5 15. Qc4 Nb6 16. Qd4 Rfd8 17. Qe3 Nd5 18. Qd4 Ne6 19. Qa4 Nc5 20. Qa5 Qb6
21. c4 Nc7 22. Bb4 N7e6 23. Bc3 Rab8 24. Rhg1 Bg6 25. b3 Nf4 26. Bf1 Ncxd3+ 27.
Bxd3 Nxd3+ {Normal} 0-1

[Event "Rated Blitz game"]
[Site "?"]
[Date "2021.06.04"]
[Round "?"]
[White "ljdr"]
[Black "magos33"]
[Result "1-0"]
[WhiteElo "2472"]
[BlackElo "2413"]
[PlyCount "107"]
[EventDate "2021.??.??"]
[EventType "blitz"]

1. e4 e5 2. Nf3 d5 3. exd5 e4 4. Qe2 Nf6 5. d3 Qxd5 6. Nbd2 Bc5 7. Nxe4 Nxe4 8.
Qxe4+ Qxe4+ 9. dxe4 O-O 10. Bd3 Nc6 11. a3 Bg4 12. O-O a6 13. Bf4 Rac8 14. Ne5
Nxe5 15. Bxe5 Rfe8 16. Bg3 Bd4 17. c3 Ba7 18. h3 Be6 19. Rad1 Bb3 20. Rd2 Red8
21. e5 Rd5 22. Bf5 Rxd2 23. Bxc8 Bc4 24. Rb1 Bd3 25. Re1 Rxb2 26. e6 fxe6 27.
Bxe6+ Kf8 28. Rd1 Rb1 29. Rxb1 Bxb1 30. Bxc7 Bc5 31. a4 Bc2 32. a5 Be4 33. Kf1
Ke7 34. Bc8 h5 35. f3 Bd5 36. Ke2 Bc4+ 37. Ke1 Bd5 38. Kd2 Bf2 39. Kd3 Bc6 40.
c4 Be1 41. Kd4 h4 42. Ke5 g6 43. Kd4 Bf2+ 44. Kc3 Bc5 45. Kd3 Kf6 46. Ke2 g5
47. g3 hxg3 48. Bxg3 Bb4 49. Bc7 Kg6 50. Kf2 Kh5 51. Kg3 Be1+ 52. Kg2 Bd2 53.
Bg4+ Kg6 54. Be6 {Time forfeit} 1-0

[Event "Rated Blitz game"]
[Site "?"]
[Date "2021.06.04"]
[Round "?"]
[White "H-HH"]
[Black "KinzyabulatovRenat"]
[Result "1-0"]
[WhiteElo "2488"]
[BlackElo "2363"]
[PlyCount "99"]
[EventDate "2021.??.??"]
[EventType "blitz"]

1. e4 e5 2. Nf3 d5 3. exd5 e4 4. Qe2 Nf6 5. Nc3 Be7 6. Nxe4 Nxd5 7. d3 O-O 8.
Qd1 c5 9. Be2 Nc6 10. O-O Re8 11. Re1 Bf8 12. c3 Bf5 13. Bf1 Qc7 14. Qb3 Rad8
15. Bd2 b6 16. Rad1 Nf4 17. Be3 Bxe4 18. dxe4 Rxd1 19. Qxd1 Rxe4 20. g3 Ng6 21.
Bg2 Re8 22. h4 Rd8 23. Qc2 h6 24. h5 Nge5 25. Nxe5 Nxe5 26. Bf4 Bd6 27. Qf5 Nd7
28. Be3 Nf6 29. Rd1 Be7 30. Rxd8+ Qxd8 31. Bf3 Qd7 32. Qxd7 Nxd7 33. Kf1 Ne5
34. Be2 Bd6 35. f4 Nd7 36. Kf2 Nf6 37. Bf3 g6 38. hxg6 fxg6 39. Ke2 h5 40. Kd3
Kf7 41. Kc4 Ke6 42. Kb5 Kd7 43. Ka6 Bb8 44. Kb7 Bd6 45. Kxa7 b5 46. Kb6 b4 47.
Bxc5 bxc3 48. bxc3 h4 49. Bxd6 Kxd6 50. gxh4 {Time forfeit} 1-0

[Event "Rated Blitz game"]
[Site "?"]
[Date "2021.06.04"]
[Round "?"]
[White "Crying__lightning"]
[Black "batasjon"]
[Result "1-0"]
[WhiteElo "2323"]
[BlackElo "2406"]
[PlyCount "41"]
[EventDate "2021.??.??"]
[EventType "blitz"]

1. e4 e5 2. Nf3 d5 3. exd5 e4 4. Qe2 Nf6 5. d3 Bb4+ 6. c3 O-O 7. cxb4 exf3 8.
gxf3 Re8 9. Be3 Nxd5 10. Nc3 Nc6 11. O-O-O Nd4 12. Qd2 Nxf3 13. Qe2 Nd4 14. Qh5
Nxe3 15. fxe3 Rxe3 16. Rg1 Bf5 17. Ne4 Bxe4 18. dxe4 Rxe4 19. Bd3 Rh4 20. Qe5
Nf3 21. Qxg7# {Normal} 1-0

[Event "Rated Blitz game"]
[Site "?"]
[Date "2021.06.04"]
[Round "?"]
[White "Udemzo"]
[Black "KinzyabulatovRenat"]
[Result "1-0"]
[WhiteElo "2456"]
[BlackElo "2433"]
[PlyCount "111"]
[EventDate "2021.??.??"]
[EventType "blitz"]

1. e4 e5 2. Nf3 d5 3. exd5 e4 4. Qe2 Nf6 5. d3 Qxd5 6. Nbd2 Nc6 7. Nxe4 Be6 8.
Nc3 Bb4 9. Bd2 Qa5 10. a3 O-O-O 11. Qd1 Bg4 12. Be2 Bxf3 13. Bxf3 Rhe8+ 14. Kf1
Bd6 15. Ne4 Qf5 16. Ng5 Qd7 17. c3 Ne5 18. Be2 h6 19. Nf3 Kb8 20. d4 Ng6 21. h3
Nf4 22. Bc4 Qc6 23. Qb3 a6 24. Be3 N6d5 25. Bd2 g5 26. Bxd5 Nxd5 27. c4 Nf4 28.
d5 Qd7 29. Bxf4 Bxf4 30. g3 Bd6 31. Kg2 Re2 32. Rhe1 Rde8 33. Rxe2 Rxe2 34. Re1
Qe8 35. Rxe2 Qxe2 36. Qe3 Qxb2 37. c5 a5 38. cxd6 cxd6 39. Qe8+ Ka7 40. Qd7 Qb6
41. Qxf7 Qc5 42. h4 g4 43. Ng1 Qxa3 44. Qf4 a4 45. Qxg4 Qb3 46. Qf3 Qxf3+ 47.
Nxf3 a3 48. Nd4 a2 49. Nb5+ Kb6 50. Nc3 a1=Q 51. Ne4 Qe5 52. Nxd6 Qxd6 53. Kg1
Qxd5 54. g4 Qf3 55. Kf1 Qxg4 56. Ke1 {Time forfeit} 1-0

[Event "Rated Blitz game"]
[Site "?"]
[Date "2021.06.04"]
[Round "?"]
[White "Sasap64"]
[Black "liaqat321"]
[Result "0-1"]
[WhiteElo "2406"]
[BlackElo "2381"]
[PlyCount "62"]
[EventDate "2021.??.??"]
[EventType "blitz"]

1. e4 e5 2. Nf3 d5 3. exd5 e4 4. Qe2 Nf6 5. Nc3 Be7 6. Nxe4 Nxd5 7. Nc3 Nxc3 8.
dxc3 O-O 9. Be3 Be6 10. Qd3 Qe8 11. Qb5 Nc6 12. Be2 a6 13. Qxb7 Rb8 14. Qxa6
Rxb2 15. Bd3 Bd5 16. O-O Bxf3 17. gxf3 Ne5 18. Be4 Bd6 19. Rfb1 Rxb1+ 20. Rxb1
Qe6 21. a4 Nxf3+ 22. Bxf3 Bxh2+ 23. Kxh2 Qxa6 24. Ra1 Re8 25. Bd4 h5 26. Kg2
Re6 27. Bxh5 Qd6 28. a5 Rh6 29. Bf3 Qh2+ 30. Kf1 Qh1+ 31. Bxh1 Rxh1+ {Normal}
0-1